Score 0/25 Timer 06:00
0 Plays Today
Locations City % Correct
277New York
98.4%
202London
94.7%
105Los Angeles
90.6%
164Chicago
84.4%
142Seattle
82.4%
137Beijing
81.4%
82San Francisco
76.6%
84Dallas
71.6%
135Houston
68.2%
81Washington
64.6%
127San Diego
61.6%
160Toronto
58.7%
75Hong Kong
58.6%
Locations City % Correct
256Shanghai
56.1%
102Portland
53.5%
108Vancouver
50.7%
284Seoul
48.3%
96Phoenix
46.8%
136Las Vegas
46.2%
160Mexico City
43.9%
71San Jose
28.5%
109Taipei
20.4%
121Calgary
20.1%
72Edmonton
19.6%
106Istanbul
18.5%
Remove Ads.
Support Sporcle.
Get the best of Sporcle when you Go Orange. This ad-free experience offers more features, more stats, and more fun while also helping to support Sporcle. Thank you for becoming a member.

You're not logged in!

Compare scores with friends on all Sporcle quizzes.
OR
Log In

Show Comments

Extras

Top Quizzes Today


Score Distribution

Your Account Isn't Verified!

In order to create a playlist on Sporcle, you need to verify the email address you used during registration. Go to your Sporcle Settings to finish the process.

Report this User

Report this user for behavior that violates our Community Guidelines.

Details: